000 00644nam a2200265Ia 4500
005 20260121161334.0
008 008 260114s9999 xx 000 0 eng d
020 _a9781003434504
037 _aEBOOK
040 _aCRL
040 _beng
040 _cCRL
041 _2eng
041 _aeng
084 _qCRL
100 _aUnderstanding Globalisation
_91043176
245 0 _aNirmal Jindal; Kamal Kumar
260 _bTaylor and Francis
260 _c2024
650 _aAsian Studies
_91043177
856 _uhttp://www.taylorfrancis.com/books/9781003434504
942 _cEBOOK
999 _c1609990
_d1609990